00319nam a2200121Ia 4500008004100000020001800041041000800059082002800067100002000095245002500115260004800140300000900188230411s9999 xx 000 0 und d a81-7042-124-1 aeng aOG/618.2/HOL/BRE/B00139 aHolland & Brews aManual of Obstetrics bB I Churchill Living StoneaNew Delhic1998 a382p